000 00276nam a2200121Ia 4500
008 190802s9999 xx 000 0 und d
020 _a978-969-5541760
100 _aShahida Latif
245 0 _aMoojzah
260 _aLahore
_bMavra Books
_c2018
300 _a160:p
942 _cBK
999 _c2415
_d2415